[Event "Sarajevo Bosna op 46th"]
[Site "Sarajevo"]
[Date "2016.06.02"]
[Round "8"]
[White "Maric, Vedran"]
[Black "Draganovic, Sulejman"]
[Result "1/2-1/2"]
[WhiteElo "1588"]
[BlackElo "2082"]
[PlyCount "52"]
[EventDate "2016.05.28"]
[EventType "swiss"]
[EventRounds "9"]
[EventCountry "BIH"]
[SourceTitle "EXT 2019"]
[Source "ChessBase"]
[SourceDate "2018.10.10"]
[SourceVersion "1"]
[SourceVersionDate "2018.10.10"]
[SourceQuality "1"]

1. e4 c5 2. Nf3 Nc6 3. c3 e6 4. d4 d5 5. dxc5 Bxc5 6. exd5 exd5 7. Be2 Nf6 8. 0-0 0-0 9. Nbd2 Be6 10. Nb3 Bb6 11. Nfd4 Ne4 12. Bf3 Ng5 13. Bg4 Nxd4 14. Nxd4 Bxd4 15. Qxd4 Ne4 16. Bxe6 fxe6 17. c4 Qf6 18. Qxf6 Nxf6 19. cxd5 exd5 20. Bg5 Kf7 21. Bxf6 Kxf6 22. Rad1 Rfd8 23. Rd2 Rd7 24. Rfd1 Rc8 25. g3 Rc5 26. Kg2 a6 1/2-1/2